Zabezpečený systém pre efektívne využitie prístupových bodov v prostredí nízkoenergetických sietí internetu vecí
Na minha lista:
| Autor principal: | |
|---|---|
| Outros Autores: | |
| Formato: | Manuscrito Livro |
| Idioma: | eslovaco |
| Publicado em: |
2024
|
| Assuntos: | |
| Acesso em linha: | http://is.stuba.sk/zp/portal_zp.pl?podrobnosti=177202 |
| Tags: |
Sem tags, seja o primeiro a adicionar uma tag!
|
MARC
| LEADER | 00000ntm a22000003a 4500 | ||
|---|---|---|---|
| 001 | stuzp100177 | ||
| 003 | SK-STU | ||
| 005 | 20240608213602.5 | ||
| 007 | ta | ||
| 008 | 150427s2015----xo-----f-mn---000-0-slo-d | ||
| 040 | |a STU |b slo | ||
| 041 | 0 | |a slo | |
| 100 | 1 | |a Heglas, Patrik |u 070400 |4 aut |U FIIT Fakulta informatiky a informačných technológií |T FIIT Ústav počítačového inžinierstva a aplikovanej informatiky |X 102939 |U I400 |Y 672 |7 102939 | |
| 242 | 0 | 1 | |a Secure system for efficient use of access points in the low-power Internet of Things Networks Environment |y eng |
| 245 | 1 | 0 | |a Zabezpečený systém pre efektívne využitie prístupových bodov v prostredí nízkoenergetických sietí internetu vecí |
| 260 | |c 2024 | ||
| 650 | 4 | |a LoRaWAN |2 slo | |
| 650 | 4 | |a NS-SCPP |2 slo | |
| 650 | 4 | |a Plánovanie |2 slo | |
| 650 | 4 | |a IoT |2 slo | |
| 650 | 4 | |a NS-SCPP |2 eng | |
| 650 | 4 | |a Scheduling |2 eng | |
| 650 | 4 | |a IoT |2 eng | |
| 650 | 4 | |a LoRaWAN |2 eng | |
| 700 | 1 | |a Zemko, Ladislav |u 070400 |k Z3 |4 ths |U FIIT Fakulta informatiky a informačných technológií |T FIIT Ústav počítačového inžinierstva a aplikovanej informatiky |X 79823 |U I400 |Y 672 |7 79823 | |
| 856 | 4 | |u http://is.stuba.sk/zp/portal_zp.pl?podrobnosti=177202 | |